count to 15 in 15 seconds - Statistics

General Stats
  • This quiz has been taken 108 times
  • The average score is 14 of 15
Answer Stats
COUNTING % Correct
1
100%
2
98%
3
98%
4
96%
5
96%
10
94%
11
94%
12
94%
6
94%
7
94%
8
94%
9
94%
13
91%
14
91%
15
91%
No matching quizzes found
Score Distribution
Percent of People with Each Score
Percentile by Number Answered
Your Score History
You have not taken this quiz